| 000 | 00826nam a2200265Ia 4500 | ||
|---|---|---|---|
| 003 | OSt | ||
| 005 | 20220925224852.0 | ||
| 006 | a|||||r|||| 00| 0 | ||
| 007 | ta | ||
| 008 | 220923b |||||||| |||| 00| 0 eng d | ||
| 020 | _a080283955X | ||
| 037 | _cGeneral Book | ||
| 040 |
_aRTL _cRTL _beng |
||
| 041 |
_2eng _aeng |
||
| 082 | _aY73(Q6).2.P, P2 | ||
| 100 | _aFrykenberg Robert Eric | ||
| 245 | 0 | _aChristians, cutural interactions, and Indian's religious traditions | |
| 260 |
_aLondon _bRoutledge Curzon _c2002 |
||
| 300 |
_aix , 241p _ccm. |
||
| 490 | _aStudies in the History of Christian Missions | ||
| 650 |
_aChristians _9230776 |
||
| 700 |
_a Brown Judith M Ed _932789 |
||
| 942 |
_hY73(Q6).2.P, P2 _cGB _2CC |
||
| 999 |
_c582398 _d582398 |
||